000 00729cam a22002413a 4500
001 20094
003 PGUSA
005 20140828083427.0
008 061212s2006||||xxu|||||s|||||000 | eng d
040 _aPGUSA
_beng
042 _adc
050 4 _aPQ
100 1 _aBerchet, Giovanni,
_d1783-1851
245 1 0 _aOpere, Volume Secondo :
_bscritti critici e letterari
_h[electronic resource] /
_cGiovanni Berchet
260 _bProject Gutenberg,
_c2006
506 _aPublic domain in the USA.
516 _aElectronic text
653 _aItalian literature -- History and criticism
700 1 _aBellorini, Egidio,
_d1865-
830 0 _aProject Gutenberg
_v20094
856 4 0 _uhttp://www.gutenberg.org/ebooks/20094
942 _cEB
999 _c249349
_d249349